|
|
|
|
| LEADER |
01257nam a2200289 a 4500 |
| 001 |
13267949 |
| 008 |
090803s2002 ii a b 001 0 eng d |
| 010 |
|
|
|a 2003305941
|
| 020 |
|
|
|a 818764933X (pbk.)
|
| 020 |
|
|
|a 8187649674 (bound)
|
| 040 |
|
|
|a DLC
|c DLC
|
| 082 |
0 |
0 |
|a 306.7/095492
|2 21
|
| 245 |
0 |
0 |
|a Translating desire :
|b the politics of gender and culture in India /
|c essays by Anajana Sharma ... [et al.] ; story by Sherry Simon ; edited by Brinda Bose.
|
| 260 |
|
|
|a New Delhi :
|b Katha,
|c 2002.
|
| 300 |
|
|
|a xxx, 311 p. :
|b ill. ;
|c 24 cm.
|
| 490 |
1 |
|
|a Studies in culture and translation/reference
|
| 520 |
|
|
|a On the politics of sexuality and the production of the cultural text in contemporary India.
|
| 504 |
|
|
|a Includes bibliographical references and indexes.
|
| 541 |
1 |
|
|e 000015929
|
| 650 |
|
0 |
|a Sex
|x Political aspects
|z India.
|
| 650 |
|
0 |
|a Women
|x Sexual behavior
|z India.
|
| 700 |
1 |
|
|a Sharma, Anjana.
|
| 700 |
1 |
|
|a Bose, Brinda.
|
| 830 |
|
0 |
|a Studies in culture and translation.
|
| 852 |
4 |
|
|a Ayesha Abed Library
|j General shelf
|
| 999 |
|
|
|c 3008
|d 3008
|
| 952 |
|
|
|0 0
|1 0
|2 ddc
|4 0
|6 306_709549200000000_TRA_2002
|7 0
|9 2723
|a BRACUL
|b BRACUL
|c GEN
|d 2009-08-18
|g 570.00
|l 1
|o 306.7095492 TRA
|p 3010015929
|r 2013-09-17
|s 2013-06-20
|t 1
|v 1140.00
|w 2009-08-18
|y BK
|